000 00496nam a2200193Ia 4500
005 20240823032727.0
008 240823s9999||||xx |||||||||||||| ||und||
020 _a978-81-7319-972-1
041 _aENGLISH
082 _A530.13 Q0
100 _aSaxena A K
245 3 _aAn Introduction to Thermodynamics and Statistical Mechanics
250 _a1st
260 _c2010
_b"Narosa, New "
_aNew Delhi
500 _aYES
650 _aThermodynamics
_bMechanical
942 _cBK
999 _c194112
_d194112